Girl with a Pearl Earring Quiz - Statistics

General Stats
  • This quiz has been taken 7 times
  • The average score is 6 of 10
Answer Stats
Hint Answer % Correct
Anonymous painter who did a street mural of Girl with a Pearl Earring in England Banksy
100%
Painter of Girl with a Pearl Earring Johannes Vermeer
100%
Country where the above was from Netherlands
100%
Girl with a Pearl Earring lacks these facial features, similar to the Mona Lisa Eyebrows
83%
City where the Mauritshuis Museum is, where Girl with a Pearl Earring is located The Hague
50%
A theory states that the painter used one of these inventions to paint some works (Hint: Flips observation) Camera Obscura
33%
Other painting by the painter which shows the title figure pouring a drink. The Milkmaid
33%
Called the "____ ____ of the North" Mona Lisa
17%
Actress who played Griet in the movie "Girl with a Pearl Earring" (Intials: SJ) Scarlet Johansson
17%
Dutch word for a painting which isn't a portrait because it only shows the head of someone. Tronie
17%
No matching quizzes found
Score Distribution
Percent of People with Each Score
Percentile by Number Answered
Your Score History
You have not taken this quiz